UBT Library

Making connections : (Record no. 40056)

000 -LEADER
fixed length control field 00793cam a2200265 a 4500
001 - CONTROL NUMBER
control field 13904751
005 - DATE AND TIME OF LATEST TRANSACTION
control field 20180110090409.0
008 - FIXED-LENGTH DATA ELEMENTS--GENERAL INFORMATION
fixed length control field 050318s2005 enkab b 001 0 eng d
010 ## - LIBRARY OF CONGRESS CONTROL NUMBER
LC control number 2005297095
015 ## - NATIONAL BIBLIOGRAPHY NUMBER
National bibliography number GBA4-X1321
020 ## - INTERNATIONAL STANDARD BOOK NUMBER
International Standard Book Number 0521542847 (pbk.)
035 ## - SYSTEM CONTROL NUMBER
System control number (OCoLC)ocm56444444
040 ## - CATALOGING SOURCE
Original cataloging agency UKM
Transcribing agency UKM
Modifying agency C#P
-- DLC
041 ## - LANGUAGE CODE
Language code of text/sound track or separate title eng
042 ## - AUTHENTICATION CODE
Authentication code lccopycat
080 ## - UNIVERSAL DECIMAL CLASSIFICATION NUMBER
Universal Decimal Classification number 428.64 KEN
082 04 - DEWEY DECIMAL CLASSIFICATION NUMBER
Classification number 428.64 KEN
Edition number 22
100 1# - Rafti
Rafti 40.
101 ## - Shkurtesa
Shkurtesa MED
245 10 - TITLE STATEMENT
Title Making connections :
Statement of responsibility, etc Kenneth J. Pakenham.
504 ## - BIBLIOGRAPHY, ETC. NOTE
Bibliography, etc Includes bibliographical references (p. 273-274) and index.
906 ## - LOCAL DATA ELEMENT F, LDF (RLIN)
a 7
b cbc
c copycat
d 2
e ncip
f 20
g y-gencatlg
942 ## - ADDED ENTRY ELEMENTS (KOHA)
Source of classification or shelving scheme
Item type Books
Holdings
Withdrawn status Lost status Source of classification or shelving scheme Damaged status Not for loan Collection code Permanent location Current location Shelving location Date acquired Total Checkouts Full call number Barcode Date last seen Price effective from Koha item type
          Koleksioni i përgjithshem UBT - Lipjan UBT - Lipjan Koleksioni i përgjithshem 01/10/2018   428.64 KEN 002-2994767 01/10/2018 01/10/2018 Books
UBT Library © 2015-2024. All rights reserved University Education for Business and Technology